00719nam a22001817a 4500999001900000005001700019010001500036020002600051035001400077037001300091100002100104245009100125260004200216270011400258300002500372942002200397952011800419 c189315d18931520220623123832.0 aENG-133352 a9788183876803c280.00 aEN-116884 bDBAD/PUB aKadekodi,Gopal K aRemembered Thoughts:bA Journey Over Forty- Five Years of Academics/cGopal K Kadekodi aNew DelhibSerials Publicationsc2014 a4830/24, Prahlad Street, Ansari Road DaryaganjbNew Delhie110002k23245225l91-11-23272135mserials@sify.com axiv,320p.c22cm(pbk) 2ddccENh954mKAD 001040708NFICaAVbAVd2022-06-23eDABD/PUBg280.00l0o954 KADpEN-116884r2022-06-23 00:00:00t1v280.00yEN